000 00541nmm a2200181Ia 4500
008 251105s9999||||xx |||||||||||||||||und||
020 _a9788417305871
041 _aspa
100 _aJae-Jones, S
245 0 _aCanción de sombra
264 _a[Madrid, España] :
_bRoca Editorial,
_c[Fecha de publicación no identificada]
300 _a0 páginas
650 _aTeen & Young Adult Fiction
700 _aJae-Jones, S
700 1 _a Angulo Fernández, María
856 _uhttps://public.digitaliapublishing.com/a/82267
942 _cCF
999 _c67152
_d67152